Domowy sprzęt do ćwiczeń, który zajmuje stosunkowo niewiele miejsca. - Statystyki

Ogólne statystyki
  • Ten quiz został rozwiązany 5 razy
  • Średni wynik to 4 z 6
Statystyki odpowiedzi
Hint Odpowiedź % Poprawnych
2. Hantle
100%
3. Drążek
80%
1. Mata
80%
5. Skakanka
60%
4. Gumy
20%
6. Piłka
20%
Nie znaleziono quizów pasujących do podanych kryteriów
Rozkład punktacji
Procent ludzi z każdym wynikiem
Percentyl według liczby udzielonych odpowiedzi
Twoja historia wyników
Nie rozwiązałeś tego quizu